Human Resource Management: Text and Cases (Record no. 12559)
[ view plain ]
| 000 -LEADER | |
|---|---|
| fixed length control field | 00417nam a22001697a 4500 |
| 003 - CONTROL NUMBER IDENTIFIER | |
| control field | OSt |
| 008 - FIXED-LENGTH DATA ELEMENTS--GENERAL INFORMATION | |
| fixed length control field | 240427b |||||||| |||| 00| 0 eng d |
| 020 ## - INTERNATIONAL STANDARD BOOK NUMBER | |
| International Standard Book Number | 9789352534357 |
| 082 ## - DEWEY DECIMAL CLASSIFICATION NUMBER | |
| Classification number | 658.3 KHH |
| 100 ## - MAIN ENTRY--PERSONAL NAME | |
| Personal name | KHANNA, S. S. |
| 245 ## - TITLE STATEMENT | |
| Title | Human Resource Management: Text and Cases |
| 250 ## - EDITION STATEMENT | |
| Edition statement | 2 nd. ed., |
| 260 ## - PUBLICATION, DISTRIBUTION, ETC. (IMPRINT) | |
| Place of publication, distribution, etc | New Delhi, |
| Name of publisher, distributor, etc | S Chand Publishing, |
| Date of publication, distribution, etc | 2023, |
| 300 ## - PHYSICAL DESCRIPTION | |
| Extent | 773 p. |
| 650 ## - SUBJECT ADDED ENTRY--TOPICAL TERM | |
| Topical term or geographic name as entry element | BBA |
| 942 ## - ADDED ENTRY ELEMENTS (KOHA) | |
| Source of classification or shelving scheme | Dewey Decimal Classification |
| Koha item type | Text Books |
| Withdrawn status | Lost status | Source of classification or shelving scheme | Damaged status | Not for loan | Collection code | Home library | Current library | Date acquired | Source of acquisition | Currency | Cost, normal purchase price | Bill Number | Total Checkouts | Full call number | Acc. no. / Barcode | Date last seen | Actual Cost, discounted price | Bill Date | Koha item type | Date last borrowed |
|---|---|---|---|---|---|---|---|---|---|---|---|---|---|---|---|---|---|---|---|---|
| Dewey Decimal Classification | BBA | PIET C-LIBRARY | PIET C-LIBRARY | 30/03/2024 | Zafaa Books & Distributors | In Rupees | 795.00 | ZBD0480 | 658.3 KHH | 36496 | 27/04/2024 | 556.50 | 30/03/2024 | Reference Books | ||||||
| Dewey Decimal Classification | BBA | PIET C-LIBRARY | PIET C-LIBRARY | 30/03/2024 | Zafaa Books & Distributors | In Rupees | 795.00 | ZBD0480 | 5 | 658.3 KHH | 36497 | 11/06/2025 | 556.50 | 30/03/2024 | Text Books | 27/05/2025 | ||||
| Dewey Decimal Classification | BBA | PIET C-LIBRARY | PIET C-LIBRARY | 30/03/2024 | Zafaa Books & Distributors | In Rupees | 795.00 | ZBD0480 | 3 | 658.3 KHH | 36498 | 02/06/2025 | 556.50 | 30/03/2024 | Text Books | 22/05/2025 | ||||
| Dewey Decimal Classification | BBA | PIET C-LIBRARY | PIET C-LIBRARY | 30/03/2024 | Zafaa Books & Distributors | In Rupees | 795.00 | ZBD0480 | 4 | 658.3 KHH | 36499 | 20/06/2025 | 556.50 | 30/03/2024 | Text Books | 29/05/2025 | ||||
| Dewey Decimal Classification | BBA | PIET C-LIBRARY | PIET C-LIBRARY | 30/03/2024 | Zafaa Books & Distributors | In Rupees | 795.00 | ZBD0480 | 5 | 658.3 KHH | 36500 | 05/06/2025 | 556.50 | 30/03/2024 | Text Books | 22/05/2025 |